Amsterdam - Nothing But Thieves (All Lyrics) - Statistics

General Stats
  • This quiz has been taken 8 times
  • The average score is 259 of 304
Answer Stats
Answer % Correct
a
100%
again,
100%
again
100%
Again
100%
and
100%
And
100%
be
100%
don't
100%
I
100%
my
100%
Over
100%
over
100%
Over,
100%
over,
100%
the
100%
wanna
100%
we
100%
We
100%
Yeah,
100%
Yeah
100%
against
86%
all
86%
Amsterdam
86%
die
86%
head
86%
heart
86%
in
86%
like
86%
live
86%
of
86%
Oh,
86%
same
86%
so
86%
So
86%
sun
86%
them
86%
Then
86%
then
86%
under
86%
up
86%
wall
86%
as
71%
'Cause
71%
hit
71%
know
71%
left
71%
much
71%
new
71%
no
71%
off
71%
one
71%
Some
71%
something
71%
that
71%
think
71%
To
71%
whiskey
71%
you
71%
back
57%
crush
57%
dream
57%
feel
57%
feeling
57%
I'm
57%
me
57%
People
57%
really
57%
say
57%
Where
57%
Hey
43%
long
43%
love
43%
Need
43%
need
43%
piss
43%
screen
43%
See
43%
they
43%
through
43%
were
43%
around
29%
call
29%
could
29%
crowd
29%
days,
29%
friend
29%
front
29%
here
29%
look
29%
Lookin'
29%
nights
29%
Sometimes
29%
there's
29%
Those
29%
Walking
29%
watching
29%
No matching quizzes found
Score Distribution
Percent of People with Each Score
Percentile by Number Answered
Your Score History
You have not taken this quiz